|
|
|
|
| LEADER |
00000nam0a2200000 4500 |
| 001 |
359462 |
| 005 |
20231102011207.0 |
| 035 |
|
|
|a (RuTPU)RU\TPU\retro\16742
|
| 090 |
|
|
|a 359462
|
| 100 |
|
|
|a 20201030d1952 km y0rusy50 ca
|
| 101 |
0 |
|
|a rus
|
| 102 |
|
|
|a RU
|
| 105 |
|
|
|a y z 001zy
|
| 200 |
1 |
|
|a О некоторых особенностях теплового излучения
|f В. А. Соколов
|g [Томский политехнический институт]
|
| 210 |
|
|
|a [Томск]
|c [Б. и.]
|d 1952
|
| 215 |
|
|
|a 6 л.
|
| 300 |
|
|
|a Машинопись
|
| 320 |
|
|
|a Библиогр.: л. 6
|
| 606 |
1 |
|
|a Тепловое излучение
|2 stltpush
|3 (RuTPU)RU\TPU\subj\59539
|9 77049
|
| 610 |
1 |
|
|a труды учёных ТПУ
|
| 610 |
1 |
|
|a коллекция ТПУ
|
| 610 |
1 |
|
|a окислы
|
| 610 |
1 |
|
|a высокие температуры
|
| 610 |
1 |
|
|a свечение
|
| 610 |
1 |
|
|a окиси
|
| 610 |
1 |
|
|a кандолюминесценция
|
| 610 |
1 |
|
|a радиация
|
| 610 |
1 |
|
|a черное тело
|
| 610 |
1 |
|
|a излучательная способность
|
| 675 |
|
|
|a 535.23
|v 4
|
| 700 |
|
1 |
|a Соколов
|b В. А.
|c российский физик
|c профессор Томского политехнического института
|f 1914-1979
|g Владимир Алексеевич
|2 stltpush
|3 (RuTPU)RU\TPU\pers\19867
|
| 712 |
0 |
2 |
|a Томский политехнический институт
|c (1944-1991)
|2 stltpush
|3 (RuTPU)RU\TPU\col\1123
|9 23521
|
| 801 |
|
1 |
|a RU
|b 63413507
|c 20201030
|
| 801 |
|
2 |
|a RU
|b 63413507
|c 20201030
|g RCR
|
| 942 |
|
|
|c BK
|